Auctions: let the statistics point you in the right direction (Record no. 75593)

MARC details
000 -LEADER
fixed length control field 01080cab a2200181 4500
001 - CONTROL NUMBER
control field L130391
008 - FIXED-LENGTH DATA ELEMENTS--GENERAL INFORMATION
fixed length control field 050725n2005 000 0 eng u
035 ## - SYSTEM CONTROL NUMBER
System control number (Sirsi) u130391
041 ## - LANGUAGE CODE
Language code of text/sound track or separate title eng
100 ## - MAIN ENTRY--PERSONAL NAME
Personal name Lawson, David
245 ## - TITLE STATEMENT
Title Auctions: let the statistics point you in the right direction
260 ## - PUBLICATION, DISTRIBUTION, ETC.
Date of publication, distribution, etc. 2005
490 ## - SERIES STATEMENT
Series statement Property Week
Volume/sequential designation 70(18) 15 July 2005, 131-133(2)
520 ## - SUMMARY, ETC.
Summary, etc. Many of the new breed of purchasers at property auctions do not understand basic property concepts such as the different types of tenancy and do not know the market. Recommends studying the market statistics provided by Allsop, who aggregate yields after every residential auction to provide a snapshot of the market and an indicator of performance changes in England and Wales. Provides tables of and commentary on Allsop yield data up to May 2005, covering assured shorthold, assured and regulated tenancies as well as ground rents. Defines the three tenancy types and the key measure of gross weighted yield.
590 ## - LOCAL NOTE (RLIN)
Local note IKA020805
690 ## - LOCAL SUBJECT ADDED ENTRY--TOPICAL TERM (OCLC, RLIN)
Topical term or geographic name as entry element Auctioneering
9 (RLIN) 6218
942 ## - ADDED ENTRY ELEMENTS (KOHA)
Suppress in OPAC 0
Holdings
Withdrawn status Lost status Source of classification or shelving scheme Damaged status Not for loan Home library Current library Shelving location Date acquired Total Checkouts Full call number Barcode Date last seen Copy number Price effective from Koha item type
    Dewey Decimal Classification     London London Journal article 25/07/2005   L130391 130391-1001 06/08/2019 1 06/08/2019 Journal article